|
|
|
|
| LEADER |
00000nab#a22000007a#4500 |
| 001 |
arbauad004643 |
| 003 |
AR-BaUAD |
| 005 |
20250711110642.0 |
| 008 |
940708|||||||||###||||||b###|0###a|spa|| |
| 040 |
|
|
|a AR-BaUAD
|c AR-BaUAD
|b spa
|
| 100 |
|
|
|a Bulgheroni, Raul
|
| 245 |
|
|
|a Cinco casos de preservación /
|c Raul Bulgheroni; Ramón Gutierrez;
|
| 300 |
0 |
|
|b fot., il., plantas, vistas
|
| 653 |
|
|
|a ARQUITECTURA
|
| 653 |
|
|
|a PATRIMONIO ARQUITECTONICO
|
| 653 |
|
|
|a PRESERVACION URBANA
|
| 653 |
|
|
|a RENOVACION URBANA
|
| 653 |
|
|
|a ANALISIS
|
| 653 |
|
|
|a INVESTIGACION
|
| 653 |
|
|
|a CENTROS HISTORICOS
|
| 653 |
|
|
|a PROYECTOS
|
| 653 |
|
|
|a LA PAZ
|
| 653 |
|
|
|a BOLIVIA
|
| 653 |
|
|
|a MUSEOS
|
| 653 |
|
|
|a COLONIA DE SACRAMENTO
|
| 653 |
|
|
|a URUGUAY
|
| 653 |
|
|
|a FEDERACION
|
| 653 |
|
|
|a ENTRE RIOS
|
| 653 |
|
|
|a BUENOS AIRES, CIUDAD
|
| 653 |
|
|
|a CORDOBA
|
| 700 |
1 |
|
|a Gutierrez, Ramón
|
| 773 |
0 |
|
|t SUMMA
|g no. 156 [nov. 1980], p. 70-76
|
| 942 |
|
|
|c ARTI
|
| 952 |
|
|
|0 0
|1 0
|4 0
|7 0
|9 49563
|a AR-BAuAD
|b AR-BAuAD
|d 2025-07-11
|l 0
|p AAQA004643
|r 2025-07-11 11:06:42
|w 2025-07-11
|y ARTI
|
| 990 |
|
|
|a AQ198
|b TD
|
| 990 |
|
|
|a U198
|b TD
|
| 998 |
|
|
|a AAQ
|b BIBUN76
|
| 999 |
|
|
|c 29236
|d 29236
|